00000000nam##2200000za#4500
0019.661240
003CaOODSP
00520200401063922
007ta
008150407|1999||||xxc|||||     f|0| 0 fre|d
020 |a0-662-64416-6
040 |aCaOODSP|bfre
041 |aeng
041 |afre
043 |an-cn---
0861 |aC114-2/1999
1101 |aCanada.|bIndustrie Canada. |bSpectre, Technologies de l'Information et Télécommunications. Directions générale des applications de l'autoroute de l'information.
24510|aCyberjeunes Canada international : |bstages à l'étranger en technologies de l'information et des communications
260 |aOttawa - Ontario : |bIndustrie Canada. |c1999.
546 |aBilingue
563 |aDépliant
590 |a99-34|b1999-08-27
69107|aJeune adulte|2gcpds
69107|aTechnologie de l'information|2gcpds
69107|aEmploi à l'étranger|2gcpds
791 |tNetCorps Canada International : |eeng|w(CaOODSP)9.661239